[Event "Krakow op-B"]
[Site "Krakow"]
[Date "2022.07.02"]
[Round "9"]
[White "Hnatyshyn, Anastasiya"]
[Black "Czaplak, Lukasz"]
[Result "1-0"]
[WhiteElo "1890"]
[BlackElo "1908"]
[PlyCount "71"]
[EventDate "2022.06.25"]
[EventType "swiss"]
[EventRounds "9"]
[EventCountry "POL"]
[SourceTitle "EXT 2023"]
[Source "ChessBase"]
[SourceDate "2022.10.05"]
[SourceVersion "1"]
[SourceVersionDate "2022.10.05"]
[SourceQuality "1"]

1. e4 e6 2. d4 d5 3. Nd2 Nf6 4. e5 Nfd7 5. Bd3 c5 6. c3 Nc6 7. Ne2 cxd4 8. cxd4 f6 9. exf6 Nxf6 10. 0-0 Bd6 11. Nf3 0-0 12. Bf4 Bxf4 13. Nxf4 Ne4 14. Nh5 g6 15. Ng3 Nxg3 16. hxg3 Qb6 17. Bc2 Qxb2 18. Rb1 Qa3 19. Re1 Qe7 20. Qd2 b6 21. Bb3 Qf6 22. Qe3 Bd7 23. Ba4 Rfe8 24. Bxc6 Bxc6 25. Ne5 Bb7 26. Rb3 Rac8 27. Ng4 Qg7 28. Qg5 Rf8 29. Rxe6 Rc7 30. Nf6+ Kh8 31. Ne8 Qxd4 32. Nxc7 Qxf2+ 33. Kh2 Rf5 34. Re8+ Kg7 35. Ne6+ Kf7 36. Qe7# 1-0

[Event "Krakow op-B"]
[Site "Krakow"]
[Date "2022.07.01"]
[Round "8"]
[White "Czaplak, Lukasz"]
[Black "Duncan, Patrick"]
[Result "1/2-1/2"]
[WhiteElo "1908"]
[BlackElo "2015"]
[PlyCount "109"]
[EventDate "2022.06.25"]
[EventType "swiss"]
[EventRounds "9"]
[EventCountry "POL"]
[SourceTitle "EXT 2023"]
[Source "ChessBase"]
[SourceDate "2022.10.05"]
[SourceVersion "1"]
[SourceVersionDate "2022.10.05"]
[SourceQuality "1"]

1. e4 c6 2. Nf3 d5 3. exd5 cxd5 4. Ne5 Nf6 5. d4 g6 6. c3 Bg7 7. Bd3 0-0 8. Qe2 Nc6 9. f4 Qc7 10. Be3 a6 11. Nd2 b5 12. 0-0 Ne8 13. Nxc6 Qxc6 14. f5 Bxf5 15. Bxf5 gxf5 16. Rxf5 e6 17. Rh5 f5 18. Bg5 Nf6 19. Bxf6 Rxf6 20. Rh3 Qd6 21. a3 Rg6 22. Re1 Rf8 23. Nf3 Qf4 24. Rh4 Qd6 25. Ne5 Bxe5 26. Qxe5 Qxe5 27. Rxe5 a5 28. Rh3 Rc8 29. Rhe3 Kf7 30. Kf2 Rc6 31. Re1 Rg4 32. R5e3 b4 33. axb4 axb4 34. Ra1 Rc7 35. Ra6 Re4 36. Rh3 Kg7 37. Rg3+ Kf6 38. Rh3 bxc3 39. bxc3 Kg6 40. Rg3+ Kf6 41. Ra8 Rg4 42. Re3 Rcg7 43. g3 Rc7 44. Rf8+ Rf7 45. Rxf7+ Kxf7 46. Re2 Rg8 47. Rb2 Rc8 48. Rb3 Kf6 49. Kf3 Rc4 50. Ra3 h6 51. h3 Kg5 52. h4+ Kf6 53. Ke3 Rc7 54. Kf4 Rc4 55. Ke3 1/2-1/2

[Event "Krakow op-B"]
[Site "Krakow"]
[Date "2022.06.26"]
[Round "3"]
[White "Zarebska, Lena"]
[Black "Czaplak, Lukasz"]
[Result "0-1"]
[WhiteElo "1829"]
[BlackElo "1908"]
[PlyCount "50"]
[EventDate "2022.06.25"]
[EventType "swiss"]
[EventRounds "9"]
[EventCountry "POL"]
[SourceTitle "EXT 2023"]
[Source "ChessBase"]
[SourceDate "2022.10.05"]
[SourceVersion "1"]
[SourceVersionDate "2022.10.05"]
[SourceQuality "1"]

1. e4 e6 2. d4 d5 3. e5 c5 4. c3 Qb6 5. Nf3 Nc6 6. a3 c4 7. h4 Bd7 8. g3 Na5 9. Nbd2 0-0-0 10. h5 f6 11. h6 Nxh6 12. exf6 gxf6 13. Nxc4 dxc4 14. Bxh6 Bxh6 15. Rxh6 Qxb2 16. Qc1 Qb5 17. Rb1 Qf5 18. Be2 e5 19. Rb4 Rhe8 20. Qb1 exd4 21. Nxd4 Qd5 22. Kf1 Rxe2 23. Nxe2 Bc6 24. Nf4 Qf3 25. Ne2 Rd2 0-1

[Event "Krakow Winter op-A"]
[Site "Krakow"]
[Date "2022.01.18"]
[Round "7"]
[White "Czaplak, Lukasz"]
[Black "Golenia, Wojciech"]
[Result "0-1"]
[WhiteElo "1877"]
[BlackElo "2059"]
[PlyCount "72"]
[EventDate "2022.01.15"]
[EventType "swiss"]
[EventRounds "9"]
[EventCountry "POL"]
[SourceTitle "CBM 206 Extra"]
[Source "ChessBase"]
[SourceDate "2022.03.31"]
[SourceVersion "1"]
[SourceVersionDate "2022.03.31"]
[SourceQuality "1"]

1. e4 e5 2. Nf3 Nc6 3. Bb5 a6 4. Ba4 Nf6 5. 0-0 Be7 6. Re1 b5 7. Bb3 d6 8. c3 0-0 9. h3 Na5 10. Bc2 c5 11. d4 Nd7 12. Nbd2 exd4 13. cxd4 Nc6 14. Nf1 cxd4 15. Nxd4 Nxd4 16. Qxd4 Ne5 17. Ne3 Bxh3 18. f4 Nc6 19. Qd1 Be6 20. Kf2 Nb4 21. Bb1 d5 22. exd5 Nxd5 23. Qh5 g6 24. Qh6 f5 25. Rh1 Rf7 26. Nxd5 Qxd5 27. a3 Rc8 28. Be3 Qb3 29. Bd4 Bc5 30. Qxg6+ Kf8 31. Bxc5+ Rxc5 32. Qh6+ Rg7 33. Qf6+ Kg8 34. Rh3 Qd5 35. Rg3 Qd2+ 36. Kg1 Qe1+ 0-1

[Event "Krakow Winter op-A"]
[Site "Krakow"]
[Date "2022.01.18"]
[Round "6"]
[White "Owoc, Jakub"]
[Black "Czaplak, Lukasz"]
[Result "1/2-1/2"]
[WhiteElo "1701"]
[BlackElo "1877"]
[PlyCount "149"]
[EventDate "2022.01.15"]
[EventType "swiss"]
[EventRounds "9"]
[EventCountry "POL"]
[SourceTitle "CBM 206 Extra"]
[Source "ChessBase"]
[SourceDate "2022.03.31"]
[SourceVersion "1"]
[SourceVersionDate "2022.03.31"]
[SourceQuality "1"]

1. Nf3 d5 2. b3 Nf6 3. Bb2 e6 4. c4 Be7 5. cxd5 exd5 6. e3 0-0 7. Be2 c5 8. d4 Nc6 9. 0-0 h6 10. Nc3 Be6 11. Rc1 cxd4 12. Nxd4 Nxd4 13. Qxd4 a6 14. Rfd1 b5 15. Bf3 Rc8 16. Nxd5 Bxd5 17. Rxc8 Qxc8 18. Bxd5 Rd8 19. e4 Qc2 20. Rc1 Qe2 21. h3 Nh5 22. f4 Bf6 23. e5 Bh4 24. Bf3 Rxd4 25. Rc8+ Rd8 26. Rxd8+ Bxd8 27. Bxe2 Nxf4 28. Bg4 Bc7 29. Bd4 Ne6 30. Bc3 Kf8 31. Kf2 Ke7 32. Ke3 Kd7 33. Bh5 g6 34. Bf3 Bb6+ 35. Kd3 Nc5+ 36. Ke2 Bc7 37. b4 Na4 38. Bd4 a5 39. Bd5 Ke7 40. a3 axb4 41. axb4 Nb6 42. Bc5+ Ke8 43. Bc6+ Kd8 44. Bxb5 Nd7 45. Be3 Bxe5 46. Bc4 f6 47. Bxh6 Nb6 48. Bf7 g5 49. Bf8 Nd7 50. Bh6 Ke7 51. Bb3 Bc3 52. b5 Nc5 53. Bc4 Nd7 54. Ke3 Kd6 55. Ke4 Nc5+ 56. Kf5 Ke7 57. g3 Nb7 58. Kg6 Nd6 59. Bd3 Be5 60. h4 Bxg3 61. h5 Nf7 62. Bg7 Ne5+ 63. Kf5 Nxd3 64. h6 Kf7 65. Bxf6 Nf4 66. Be5 Bf2 67. Bc7 Bd4 68. b6 Bxb6 69. Bxb6 Ne6 70. Ba5 g4 71. Bc3 Nf8 72. Be5 Nh7 73. Bg3 Nf6 74. Be5 Nh7 75. Kxg4 1/2-1/2

[Event "Poronin Tatra Limba op"]
[Site "Poronin"]
[Date "2021.05.26"]
[Round "6"]
[White "Czaplak, Lukasz"]
[Black "Malecki, Rafal"]
[Result "0-1"]
[WhiteElo "1868"]
[BlackElo "1959"]
[PlyCount "160"]
[EventDate "2021.05.22"]
[EventType "swiss"]
[EventRounds "9"]
[EventCountry "POL"]
[SourceTitle "EXT 2022"]
[Source "ChessBase"]
[SourceDate "2021.10.06"]
[SourceVersion "1"]
[SourceVersionDate "2021.10.06"]
[SourceQuality "1"]

1. e4 g6 2. d4 d6 3. Nc3 Nf6 4. Nf3 Bg7 5. h3 0-0 6. Be3 c6 7. a4 Qc7 8. Qd2 Nbd7 9. Bh6 e5 10. Bxg7 Kxg7 11. dxe5 dxe5 12. Qe3 a5 13. Bd3 Re8 14. 0-0 Nf8 15. Qc5 N6d7 16. Qe3 Ne6 17. g3 f6 18. Kg2 Qb6 19. Qc1 Ndc5 20. Bc4 Nd4 21. Nd2 Bd7 22. Re1 Rad8 23. Nd1 h5 24. c3 Nde6 25. Ne3 Ng5 26. Qc2 Bxh3+ 27. Kh1 Rxd2 28. Qxd2 Nf3 29. Qc2 Nxe1 30. Rxe1 Be6 31. Bxe6 Nxe6 32. Rd1 Re7 33. Kg2 Nc5 34. Nc4 Qb3 35. Qxb3 Nxb3 36. Rd8 Nc5 37. Nxa5 Nxa4 38. Rd2 Kf7 39. Kf3 Rc7 40. Nc4 Ke7 41. Ne3 Rd7 42. Rc2 Ke6 43. Ke2 Nc5 44. f3 Nb3 45. Kf2 b5 46. Ke1 Ra7 47. Rh2 Ra1+ 48. Nd1 Rc1 49. g4 hxg4 50. fxg4 Nc5 51. Kd2 Rb1 52. Kc2 Ra1 53. Re2 Ra7 54. Nf2 Rh7 55. b4 Na4 56. Kb3 Rh2 57. c4 Rg2 58. cxb5 cxb5 59. Rc2 Kd6 60. Rd2+ Kc6 61. Rc2+ Kb6 62. Rd2 Kc6 63. Rc2+ Kd6 64. Rd2+ Ke6 65. Rc2 Rg3+ 66. Ka2 Nc3+ 67. Kb2 Rf3 68. Rxc3 Rxf2+ 69. Kb3 Rg2 70. Rc6+ Ke7 71. Rc7+ Kd6 72. Rf7 Ke6 73. Rb7 Rxg4 74. Rxb5 Rxe4 75. Rc5 g5 76. b5 Re1 77. Kb2 Rh1 78. Kc2 Rh8 79. Kd3 Rd8+ 80. Ke3 Rd6 0-1

[Event "Poronin Tatra Limba op"]
[Site "Poronin"]
[Date "2021.05.24"]
[Round "4"]
[White "Malaczek, Mateusz"]
[Black "Czaplak, Lukasz"]
[Result "1/2-1/2"]
[WhiteElo "2043"]
[BlackElo "1868"]
[PlyCount "62"]
[EventDate "2021.05.22"]
[EventType "swiss"]
[EventRounds "9"]
[EventCountry "POL"]
[SourceTitle "EXT 2022"]
[Source "ChessBase"]
[SourceDate "2021.10.06"]
[SourceVersion "1"]
[SourceVersionDate "2021.10.06"]
[SourceQuality "1"]

1. c4 Nf6 2. g3 g6 3. Bg2 Bg7 4. Nc3 0-0 5. e4 d6 6. Nge2 e5 7. 0-0 Nc6 8. h3 Ne8 9. d3 f5 10. f4 Be6 11. Be3 fxe4 12. Nxe4 h6 13. Qd2 Kh7 14. Rac1 Qd7 15. Kh2 Nf6 16. Nxf6+ Rxf6 17. d4 exd4 18. Nxd4 Rff8 19. Rfe1 Nxd4 20. Bxd4 c6 21. Bxg7 Kxg7 22. Qd4+ Kh7 23. Rcd1 Rad8 24. b3 a6 25. Re3 Rfe8 26. Qf6 Qf7 27. Qh4 Bf5 28. Rxe8 Rxe8 29. g4 Be4 30. Qf2 Bxg2 31. Kxg2 Re6 1/2-1/2

[Event "Poronin Tatra Limba op"]
[Site "Poronin"]
[Date "2021.05.22"]
[Round "1"]
[White "Koziorowicz, Michal"]
[Black "Czaplak, Lukasz"]
[Result "1-0"]
[WhiteElo "2168"]
[BlackElo "1868"]
[PlyCount "107"]
[EventDate "2021.05.22"]
[EventType "swiss"]
[EventRounds "9"]
[EventCountry "POL"]
[SourceTitle "EXT 2022"]
[Source "ChessBase"]
[SourceDate "2021.10.06"]
[SourceVersion "1"]
[SourceVersionDate "2021.10.06"]
[SourceQuality "1"]

1. e4 e6 2. d4 d5 3. Nd2 Nf6 4. e5 Nfd7 5. Ngf3 c5 6. c3 Nc6 7. Bd3 Be7 8. 0-0 0-0 9. Re1 cxd4 10. cxd4 Nb6 11. Nf1 f5 12. exf6 Bxf6 13. Qc2 h6 14. Be3 Bd7 15. Qe2 Qe7 16. Ng3 Nb4 17. Bb1 Nc4 18. Bc1 Qf7 19. h4 e5 20. dxe5 Nxe5 21. a3 Nbc6 22. Nxe5 Bxe5 23. Qc2 Rfe8 24. Qh7+ Kf8 25. Bg6 Qg8 26. Qxg8+ Kxg8 27. Bxe8 Rxe8 28. Rb1 Rf8 29. b4 Bf6 30. h5 Ne5 31. Be3 a6 32. Rbd1 Bc6 33. Bc5 Rf7 34. Nf5 Nc4 35. Nd6 Nxd6 36. Bxd6 Bb2 37. Re2 Bf6 38. Bc5 Kh7 39. Bd4 Bd8 40. Re3 Bg5 41. Re6 Bd7 42. Rd6 Bg4 43. Re1 Bxh5 44. Rxd5 Rc7 45. Rc5 Rd7 46. Be3 Re7 47. Bd2 Rd7 48. Bxg5 hxg5 49. Rxg5 Kh6 50. Rge5 Rd3 51. R5e3 Rd5 52. Re7 Rb5 53. R1e5 Rb6 54. R5e6+ 1-0

[Event "Malopolska Region-chB"]
[Site "Krakow"]
[Date "2019.06.21"]
[Round "3"]
[White "Czaplak, Lukasz"]
[Black "Wiejaczka, Bartlomiej"]
[Result "1/2-1/2"]
[WhiteElo "1817"]
[BlackElo "1966"]
[PlyCount "86"]
[EventDate "2019.06.20"]
[EventType "swiss"]
[EventRounds "7"]
[EventCountry "POL"]
[SourceTitle "EXT 2020"]
[Source "ChessBase"]
[SourceDate "2019.10.17"]
[SourceVersion "1"]
[SourceVersionDate "2019.10.17"]
[SourceQuality "1"]

1. e4 c5 2. Nf3 d6 3. d4 cxd4 4. Nxd4 Nf6 5. Nc3 a6 6. Be2 e5 7. Nb3 Be7 8. 0-0 0-0 9. Be3 b5 10. Nd5 Nc6 11. Nxe7+ Qxe7 12. f3 Rd8 13. c4 bxc4 14. Bxc4 Be6 15. Rc1 d5 16. exd5 Nxd5 17. Qe2 Nxe3 18. Qxe3 a5 19. Qe4 Bxc4 20. Rxc4 Nb4 21. h3 Nxa2 22. Ra1 Rab8 23. Rxa2 Rxb3 24. Rxa5 f6 25. Qc2 Rb7 26. Rc8 g6 27. Raa8 Rxc8 28. Rxc8+ Kg7 29. Qc4 Qf7 30. Qc3 Qd7 31. Kh2 h5 32. b4 h4 33. Qc4 g5 34. Rc5 Qd4 35. Rc7+ Rxc7 36. Qxc7+ Kg6 37. Qc2+ Kf7 38. b5 Qb6 39. Qa4 Qf2 40. Qa5 Qc5 41. Qa6 Qc4 42. Qa7+ Ke6 43. Qb6+ Ke7 1/2-1/2

[Event "Malopolska Region-chB"]
[Site "Krakow"]
[Date "2019.06.20"]
[Round "2"]
[White "Mlynek, Maksymilian"]
[Black "Czaplak, Lukasz"]
[Result "0-1"]
[WhiteElo "1248"]
[BlackElo "1817"]
[PlyCount "130"]
[EventDate "2019.06.20"]
[EventType "swiss"]
[EventRounds "7"]
[EventCountry "POL"]
[SourceTitle "EXT 2020"]
[Source "ChessBase"]
[SourceDate "2019.10.17"]
[SourceVersion "1"]
[SourceVersionDate "2019.10.17"]
[SourceQuality "1"]

1. d4 d5 2. Bf4 Nf6 3. e3 e6 4. c3 Bd6 5. Bg3 c5 6. Nd2 Nc6 7. Bd3 e5 8. dxe5 Nxe5 9. Bxe5 Bxe5 10. Ngf3 Bc7 11. Rc1 0-0 12. h4 Qe7 13. Bb1 Ne4 14. Ng5 f5 15. Ndxe4 dxe4 16. Bc2 Be6 17. Qh5 g6 18. Qh6 Bxa2 19. h5 Qg7 20. Qxg7+ Kxg7 21. b3 Be5 22. Ne6+ Kf6 23. Nxf8 Rxf8 24. c4 a5 25. hxg6 hxg6 26. Rh7 Rb8 27. f4 exf3 28. gxf3 b5 29. cxb5 Rxb5 30. Kf2 Bb2 31. Rd1 Bxb3 32. Rd6+ Ke5 33. Rxg6 Bxc2 34. Ke2 Kd5 35. Kd2 Bb1 36. Rh4 c4 37. e4+ Kc5 38. Rg8 c3+ 39. Ke2 c2 40. Rc8+ Kd6 41. Kd2 fxe4 42. fxe4 Rg5 43. Rh2 a4 44. Rxc2 Bxc2 45. Kxc2 a3 46. Kb1 Ke5 47. Re2 Rg4 48. Ka2 Rxe4 49. Rc2 Re1 50. Rd2 Ra1+ 51. Kb3 Bd4 52. Rg2 Kd5 53. Rc2 Bc5 54. Rg2 Rb1+ 55. Ka2 Rb5 56. Rc2 Kd4 57. Rg2 Kc3 58. Rg3+ Kc4 59. Rg2 Kb4 60. Rg3 Ka4 61. Rh3 Rb2+ 62. Ka1 Rd2 63. Kb1 a2+ 64. Kc1 a1Q+ 65. Kxd2 Qb2+ 0-1

[Event "POL-chT U19 1st League"]
[Site "Suchedniow"]
[Date "2010.07.11"]
[Round "6"]
[White "Czaplak, Lukasz"]
[Black "Sadzikowski, Daniel"]
[Result "0-1"]
[WhiteElo "1714"]
[BlackElo "2309"]
[PlyCount "98"]
[EventDate "2010.07.06"]
[EventType "team-tourn"]
[EventRounds "9"]
[EventCountry "POL"]
[SourceTitle "EXT 2019"]
[Source "ChessBase"]
[SourceDate "2018.10.10"]
[SourceVersion "1"]
[SourceVersionDate "2018.10.10"]
[SourceQuality "1"]
[WhiteTeam "Wieliczka MKS MOS U19"]
[BlackTeam "Chrzanow UKS SP 8 U19"]
[WhiteTeamCountry "POL"]
[BlackTeamCountry "POL"]

1. e4 c5 2. c3 Nf6 3. e5 Nd5 4. d4 cxd4 5. cxd4 e6 6. Nc3 Nxc3 7. bxc3 Qc7 8. Bd2 b6 9. Nf3 d6 10. Bb5+ Bd7 11. Bxd7+ Nxd7 12. exd6 Bxd6 13. 0-0 0-0 14. h3 Rac8 15. a4 Nf6 16. Qe2 Nd5 17. Rfc1 Qc4 18. Qe1 h6 19. Nh2 Bxh2+ 20. Kxh2 Qd3 21. Ra3 Rc4 22. g3 Rfc8 23. Kg2 a6 24. h4 R8c6 25. Kg1 Rc7 26. Kg2 Rc8 27. Kg1 a5 28. Kh2 R8c7 29. Kg2 Rxd4 30. cxd4 Qxa3 31. Rxc7 Nxc7 32. Qb1 Qd6 33. Qb3 Qd5+ 34. Qxd5 Nxd5 35. Kf3 Kf8 36. Ke4 Ke7 37. Kd3 Kd6 38. Kc4 Kc6 39. Bc1 Nf6 40. f3 Ne8 41. Ba3 h5 42. Be7 g6 43. g4 Nc7 44. Bg5 b5+ 45. axb5+ Nxb5 46. Be3 Nd6+ 47. Kc3 Kd5 48. gxh5 gxh5 49. Bf2 Nb5+ 0-1

[Event "POL-chT U19 1st League"]
[Site "Suchedniow"]
[Date "2010.07.09"]
[Round "4"]
[White "Lis, Marek"]
[Black "Czaplak, Lukasz"]
[Result "1/2-1/2"]
[WhiteElo "2072"]
[BlackElo "1714"]
[PlyCount "86"]
[EventDate "2010.07.06"]
[EventType "team-tourn"]
[EventRounds "9"]
[EventCountry "POL"]
[SourceTitle "EXT 2019"]
[Source "ChessBase"]
[SourceDate "2018.10.10"]
[SourceVersion "1"]
[SourceVersionDate "2018.10.10"]
[SourceQuality "1"]
[WhiteTeam "Czarna LKSz GCKiP U19"]
[BlackTeam "Wieliczka MKS MOS U19"]
[WhiteTeamCountry "POL"]
[BlackTeamCountry "POL"]

1. e4 e6 2. d4 d5 3. e5 c5 4. c3 Nc6 5. Nf3 Qb6 6. a3 c4 7. Qc2 Bd7 8. Nbd2 a5 9. a4 Rc8 10. Be2 f6 11. exf6 Nxf6 12. Ne5 Bd6 13. Nxd7 Kxd7 14. 0-0 g6 15. Rb1 Qc7 16. Nf3 Rce8 17. b3 cxb3 18. Qxb3 Kc8 19. Ba3 Bxa3 20. Qxa3 Ne4 21. Qb2 Re7 22. Bb5 Kb8 23. Rfc1 Nd6 24. Bxc6 Qxc6 25. Ne5 Qc7 26. Qa3 Ka7 27. Rb3 Rb8 28. Rcb1 b6 29. Qb2 Rb7 30. Qe2 Re8 31. h3 Rf8 32. Rc1 Rc8 33. c4 dxc4 34. Rbc3 Qg7 35. Nxc4 Nxc4 36. Rxc4 Rxc4 37. Qxc4 Qd7 38. g3 Kb8 39. Rb1 Ka7 40. Rc1 Kb8 41. Rb1 Ka7 42. Rc1 Kb8 43. Rc2 Qd8 1/2-1/2

[Event "POL-chT U19 1st League"]
[Site "Suchedniow"]
[Date "2010.07.06"]
[Round "1"]
[White "Czaplak, Lukasz"]
[Black "Dowgird, Filip"]
[Result "0-1"]
[WhiteElo "1714"]
[BlackElo "2096"]
[PlyCount "75"]
[EventDate "2010.07.06"]
[EventType "team-tourn"]
[EventRounds "9"]
[EventCountry "POL"]
[SourceTitle "EXT 2019"]
[Source "ChessBase"]
[SourceDate "2018.10.10"]
[SourceVersion "1"]
[SourceVersionDate "2018.10.10"]
[SourceQuality "1"]
[WhiteTeam "Wieliczka MKS MOS U19"]
[BlackTeam "Wroclaw MUKS MDK Srodmiescie U19"]
[WhiteTeamCountry "POL"]
[BlackTeamCountry "POL"]

1. e4 e6 2. d4 d5 3. exd5 exd5 4. Bd3 Bd6 5. Ne2 Qh4 6. h3 Nc6 7. Nbc3 Nge7 8. Nb5 Bg4 9. Nxd6+ cxd6 10. c3 Bh5 11. Qb3 Rb8 12. Ng3 Bg6 13. Bxg6 hxg6 14. Bd2 Kd7 15. 0-0-0 b5 16. Rhe1 Rhc8 17. Kb1 Na5 18. Qc2 Nc4 19. Qc1 Qh7 20. Ka1 Nc6 21. b3 Nb6 22. Qb2 a5 23. Ne2 Qh4 24. Be3 Qe4 25. Nf4 b4 26. f3 Qf5 27. g4 bxc3 28. Qxc3 Qf6 29. Qd2 a4 30. Rb1 Qd8 31. Nd3 axb3 32. Rxb3 Nc4 33. Qd1 Qf6 34. g5 Qf5 35. Rxb8 Rxb8 36. Re2 Qxf3 37. Bc1 Nxd4 38. Nf4 0-1